000 01482cam a22003857a 4500
003 CHAP
005 20220329142728.0
008 010920d2001 mx r 00110 spa d
010 _a86956
011 _a87928
035 _a98473
040 _cCHAP
090 _aTesis
100 0 0 _aMedina Román, Oscar Mauricio.
_974024
245 1 0 _aEvaluación de muérdago enano (Arceuthobium spp.) en rodales del género (Pinus spp.) y propuesta de manejo en la estación forestal experimental Zoquiapan
_c/por Oscar Mauricio Medina Román y Jorge Valderrama Benítez
260 _aChapingo, Méx. :
_bEl autor,
_c2002.
300 _a76 h. ;
_bgráfs.
502 _aTesis (Ing. Forestal) -- UACH. División de Ciencias Forestales
590 _aALEPH
_b10
_c20130110
_lUCH01
_h1452
590 _aBATCH-UPD
_b10
_c20130110
_lUCH01
_h0004
590 _aBATCH-UPD
_b10
_c20130110
_lUCH01
_h0800
590 _aBATCH-UPD
_b10
_c20130410
_lUCH01
_h0439
590 _aBATCH-UPD
_b10
_c20130914
_lUCH01
_h1322
590 _aCONVERSION
_b10
_c20130109
_lUCH01
_h1348
650 1 4 _aÁrboles
_xEnfermedades.
_982436
650 1 4 _aArceuthobium.
_96786
650 1 4 _aEstaciones experimentales forestales.
_938195
650 1 4 _aPinus hartwegii.
_988340
700 1 _aValderrama Benítez, Jorge.
_9117248
901 _aBK
905 _aAlejandra Carrasco M.
942 _cFOLL
949 _aTesis
_bBC
_cTES
_d33724000884185
_eTS2
_fc.2
_h40685
_i98473
_si
949 _aTesis
_bBC
_cTES
_d984731
_eTS1
_h40684
_i98473
_sb
999 _c86956
_d86956